Normal view
MARC view
- Cherubini Bixio
Entry Personal Name
001 - CONTROL NUMBER
- control field: 6676
003 - CONTROL NUMBER IDENTIFIER
- control field: IT-RoPau
005 - DATE AND TIME OF LATEST TRANSACTION
- control field: 20131222203740.0
008 - FIXED-LENGTH DATA ELEMENTS
- fixed length control field: 131222|| aca||aabn | a|a d
040 ## - CATALOGING SOURCE
- Original cataloging agency: IT-RoPau
- Transcribing agency: IT-RoPau
100 ## - HEADING--PERSONAL NAME
- Personal name: Cherubini Bixio
- Dates associated with a name: Codice autore musica SPICS: 13442
- Relator term: Autore musica
- Name of part/section of a work: Signora illusione
670 ## - SOURCE DATA FOUND
- Source citation: Work cat.: (IT-RoPau)103245: AA.VV. 794, Vecchi ricordi-Celebri canzoni del passato (Lp Sm 3328)